Meiste Bundesliga-Meisterschaften - Statistiken

Allgemein
  • Dieses Quiz wurde 530 mal gespielt
  • Das Durchschnittsergebnis liegt bei 10 aus 12
Antwortstatistiken
Rang Meisterschaften Verein % Korrekt
2 5 Borussia Dortmund
100%
1 27 FC Bayern München
100%
4 4 Werder Bremen
96%
5 3 Hamburger SV
93%
5 Borussia Mönchengladbach
92%
3 VfB Stuttgart
92%
2 1. FC Köln
86%
7 2 1. FC Kaiserslautern
85%
1 VfL Wolfsburg
85%
1 1. FC Nürnberg
81%
1 TSV 1860 München
59%
9 1 Eintracht Braunschweig
54%
Keine übereinstimmenden Quizze gefunden
Verteilung der Resultate
Anzahl Personen mit jedem Resultat
Perzentil nach korrekt beantworteten Fragen
Ihre Resultats-Entwicklung
Sie haben dieses Quiz noch nicht gespielt